[Event "20th Dubai Open 2018"]
[Site "Dubai"]
[Date "2018.04.05"]
[Round "4"]
[White "Harsha, Bharathakoti"]
[Black "Zhu, Yilun"]
[Result "1-0"]
[WhiteElo "2424"]
[BlackElo "2195"]
[Annotator "TA"]
[PlyCount "93"]
[EventDate "2018.??.??"]
[EventType "swiss"]
[EventCountry "UAE"]
[SourceTitle "playchess.com"]
[Source "ChessBase"]
[SourceQuality "1"]

{[%evp 19,93,10,19,10,40,41,48,42,40,39,45,26,39,15,109,104,110,106,102,84,120,106,120,124,119,116,129,134,134,135,127,126,129,122,148,147,155,148,181,169,285,296,290,290,273,273,362,370,377,376,345,338,494,496,528,537,524,496,463,400,607,599,902,898,756,675,1138,1123,984,962,1162,1131,12843,12843,12844,12844]} 1. d4 Nf6 2. c4 e6 3. Nf3 d5 4. g3 Be7 5. Bg2 O-O 6. O-O dxc4 7. Qc2 c6 8. Qxc4 b5 9. Qc2 Bb7 10. Rd1 {D30: Queen's Gambit Declined: Systems without Nc3} (10. Nc3 Nbd7 11. Rd1 Qb6 12. Ne5 Rfd8 13. Be3 Nd5 14. Nxd5 cxd5 15. Rac1 Rac8 16. Qd3 b4 17. Rxc8 Bxc8 {½-½ (41) So,W (2799)-Mamedyarov,S (2809) Berlin 2018}) 10... Nbd7 {LiveBook: 5 Games} 11. Bg5 Qc7 $146 ({Predecessor:} 11... Rc8 12. Nc3 a6 13. a4 b4 14. Ne4 c5 15. Nxc5 Nxc5 16. dxc5 Rxc5 17. Qb3 Qa5 18. Bxf6 Bxf6 {0-1 (39) Kozlov,O (2303)-Timofeev,A (2549) Sochi 2017}) 12. Nc3 {White is slightly better.} b4 13. Na4 c5 14. Rac1 Rac8 15. dxc5 Nxc5 16. Be3 $36 {[%cal Ra4c5][%mdl 2048] White is pushing.} Na6 (16... Nfe4 $1 $11) 17. Qxc7 $16 Rxc7 18. Rxc7 Nxc7 19. Bxa7 Ra8 20. Bc5 Bxc5 21. Nxc5 Bd5 22. Ne5 Bxg2 23. Kxg2 Rxa2 24. Rd8+ Nfe8 25. Rb8 Ra5 26. Ned3 g5 27. Rxb4 Kg7 28. Rb7 Kg6 29. e4 Ra1 (29... Rb5 $142 30. Ra7 Kg7) 30. b4 $18 Rb1 31. Kf3 h5 32. h3 Kf6 33. Ke2 h4 34. gxh4 gxh4 35. Kd2 Rh1 (35... Kg7 {might work better.} 36. Kc2 Rh1) 36. b5 Nxb5 37. Rxb5 Rxh3 38. Rb1 Rh2 39. Ke2 Ng7 (39... Rg2 $142 40. Rh1 Nc7 41. Rxh4 Rg8) 40. Kf3 {White is clearly winning.} Kg5 41. Rg1+ Kh6 42. Ne5 f5 43. Nf7+ Kh7 44. Ng5+ Kh6 45. e5 h3 46. Ncxe6 Rg2 47. Rxg2 {Precision: White = 80%, Black = 37%.} 1-0

[Event "20th Dubai Open 2018"]
[Site "Dubai"]
[Date "2018.04.05"]
[Round "4"]
[White "Dimakiling, Oliver"]
[Black "Senthil, Maran K"]
[Result "1-0"]
[WhiteElo "2412"]
[BlackElo "2178"]
[Annotator "TA"]
[PlyCount "119"]
[EventDate "2018.??.??"]
[EventType "swiss"]
[EventCountry "UAE"]
[SourceTitle "playchess.com"]
[Source "ChessBase"]
[SourceQuality "1"]

{[%evp 9,119,-10,-7,-29,0,-44,-37,-34,-37,-56,-64,-52,-44,-43,40,25,31,43,39,50,70,81,95,85,83,85,93,67,97,63,90,84,75,70,72,50,81,50,73,69,117,18,68,50,100,26,172,169,241,240,256,240,331,322,342,308,335,305,338,335,422,369,429,351,433,440,586,387,387,387,391,387,501,499,729,460,460,460,460,460,460,439,446,404,395,374,483,458,469,460,930,918,900,771,865,905,834,851,783,735,1798,1944,1929,1566,2825,2486,2245,2320,29969,29970,29953,12842]} 1. Nf3 d5 2. e3 Nf6 3. b4 (3. c4 g6 4. cxd5 Nxd5 5. d4 Bg7 6. e4 Nb6 7. Be2 O-O 8. O-O c5 9. d5 e6 10. Nc3 exd5 11. exd5 Bxc3 12. bxc3 Qxd5 {½-½ (87) Grischuk,A (2772)-Mamedyarov,S (2799) Riadh 2017}) 3... c6 4. c4 Bg4 5. cxd5 cxd5 6. Bb2 $146 {A06: Réti Opening:1 Nf3 d5} ({Predecessor:} 6. Qa4+ Nbd7 7. Ne5 Be6 8. Bb2 a6 9. Be2 g6 10. Nd3 Bg7 11. Nf4 Bf5 12. Nxd5 {1-0 (39) Ornstein,A (2408)-Akesson,J (2301) Sweden 2011}) 6... Bxf3 7. gxf3 e6 8. Rg1 {Black is slightly better.} Nbd7 9. Nc3 g6 10. Qb3 Rc8 11. f4 Bg7 (11... a6 $15) 12. Nb5 $14 {Hoping for Nd6+.} O-O 13. Nxa7 Ra8 14. Nb5 Ne4 15. Bxg7 Kxg7 16. Qb2+ Kg8 17. d3 Nef6 18. a4 Qe7 19. Be2 Nb8 20. Nd4 $1 Nc6 21. Nc2 Nd7 22. Bf3 e5 23. fxe5 ({Reject} 23. Bxd5 exf4 24. Kd2 Rfd8 $11) 23... Ncxe5 {[#]} 24. Be2 $1 f5 {[#]} 25. Qb3 (25. f4 $1 $16) 25... Nf6 26. Rg3 Kh8 27. Kf1 (27. Qb2 $16) 27... f4 (27... Rae8 $11 {and Black stays safe.}) 28. exf4 $18 Ned7 (28... Nf7 {is a better defense.} 29. Nd4 Nh6) 29. Qb2 Qd6 30. Qd4 Qb6 31. a5 Qxd4 32. Nxd4 Ne8 33. Ne6 Rf6 34. Re3 Nd6 35. Nc7 Rd8 36. Nxd5 Rf5 37. Bf3 Nf6 38. Re5 {Black must now prevent Rxf5.} Nxd5 39. Rxd5 ({Much less strong is} 39. Bxd5 Rxf4 40. b5 Nxb5 $18) 39... Rxf4 {[#]} 40. Be4 $1 Rf6 (40... Nxe4 41. Rxd8+) 41. b5 Rc8 (41... Rd7 $142 42. a6 bxa6 43. Rxa6 Kg7) 42. Ra2 Nxe4 43. dxe4 {[%cal Bd3e4,Be4e5][%mdl 4128] Endgame KRR-KRR} Rf7 44. e5 Kg7 45. Ke2 Rfc7 46. Rad2 Kf7 47. f4 Ke6 48. Kf3 Kf5 49. Rd7 Rxd7 (49... g5 $142 50. fxg5 Rc3+ 51. Kg2 Ra3 52. Rxh7 Rxa5 53. Rxb7 Kxg5) 50. Rxd7 {KR-KR} Rc3+ 51. Ke2 Ra3 52. Rf7+ Ke6 53. Rxb7 Rxa5 54. Kf3 Kf5 55. Rf7+ Ke6 56. Rxh7 Rxb5 57. Rg7 Rb2 58. Rxg6+ Kf7 59. Rf6+ Kg7 60. h4 {Precision: White = 73%, Black = 32%.} 1-0

[Event "20th Dubai Open 2018"]
[Site "Dubai"]
[Date "2018.04.05"]
[Round "4"]
[White "Arjun, Kalyan"]
[Black "Bharath, Subramaniyam H"]
[Result "1-0"]
[WhiteElo "2397"]
[BlackElo "1997"]
[Annotator "NA"]
[PlyCount "79"]
[EventDate "2018.??.??"]
[EventType "swiss"]
[EventCountry "UAE"]
[SourceTitle "playchess.com"]
[Source "ChessBase"]
[SourceQuality "1"]
[TimeControl "5400+30"]

1. e4 {[%emt 0:00:00]} c5 {[%emt 0:00:07]} 2. Nf3 {[%emt 0:00:00]} e6 {[%emt 0:00:07]} 3. d4 {[%emt 0:00:00]} cxd4 {[%emt 0:00:09]} 4. Nxd4 {[%emt 0:00:00]} a6 {[%emt 0:00:08]} 5. Bd3 {[%emt 0:00:11]} Nf6 {[%emt 0:00:21]} 6. O-O {[%emt 0:00:20]} d6 {[%emt 0:00:21]} 7. Qe2 {[%emt 0:01:00]} Be7 {[%emt 0:00:15]} 8. c4 {[%emt 0:00:45]} b6 {[%emt 0:00:47]} 9. Nc3 {[%emt 0:00:36]} Bb7 {[%emt 0:00:15]} 10. f4 {[%emt 0:00:22]} O-O {[%emt 0:00:32]} 11. Kh1 {[%emt 0:00:43]} Nbd7 {[%emt 0:01:03]} 12. Bd2 {[%emt 0:00:24]} Qc7 {[%emt 0:10:48]} 13. f5 {[%emt 0:00:30]} e5 {[%emt 0:01:37]} 14. Nb3 {[%emt 0:00:10]} Nc5 {[%emt 0:03:05]} 15. Nxc5 {[%emt 0:00:09]} dxc5 {[%emt 0:00:32]} 16. g4 {[%emt 0:08:44]} h6 {[%emt 0:04:43]} 17. g5 {[%emt 0:01:37]} hxg5 {[%emt 0:01:30]} 18. Bxg5 $16 {[%emt 0:00:08]} b5 {[%emt 0:33:40]} 19. Rg1 {[%emt 0:04:52]} Rfd8 {[%emt 0:07:21]} 20. Rg3 {[%emt 0:06:38]} bxc4 {[%emt 0:09:34]} 21. Bc2 {[%emt 0:02:20]} Qc6 {[%emt 0:02:17]} 22. Rag1 {[%emt 0:04:31]} Rd4 {[%emt 0:09:04]} 23. Bh4 {[%emt 0:02:41]} Bf8 {[%emt 0:02:16]} 24. Bxf6 {[%emt 0:01:43]} Qxf6 {[%emt 0:00:07]} 25. Qh5 {[%emt 0:00:18]} Bd6 {[%emt 0:03:00]} 26. Rxg7+ {[%emt 0:07:34]} Qxg7 {[%emt 0:03:11]} 27. f6 {[%emt 0:00:19]} Qxg1+ {[%emt 0:00:21]} 28. Kxg1 {[%emt 0:00:01]} Bc6 {[%emt 0:00:40]} 29. Nd5 {[%emt 0:01:08]} Bxd5 {[%emt 0:02:58]} 30. exd5 {[%emt 0:00:33]} e4 {[%emt 0:00:06]} 31. Qg5+ {[%emt 0:00:29]} Kf8 {[%emt 0:00:04]} 32. Ba4 {[%emt 0:00:20]} Rd1+ {[%emt 0:00:17]} 33. Bxd1 {[%emt 0:00:05]} Ke8 {[%emt 0:00:07]} 34. Qg8+ {[%emt 0:00:05]} Kd7 {[%emt 0:00:05]} 35. Qxa8 {[%emt 0:00:04]} e3 {[%emt 0:00:05]} 36. Ba4+ {[%emt 0:00:17]} Kc7 {[%emt 0:00:06]} 37. Qc6+ {[%emt 0:00:05]} Kb8 {[%emt 0:00:04]} 38. Qxd6+ {[%emt 0:00:05]} Ka7 {[%emt 0:00:05]} 39. Qc7+ {[%emt 0:00:03]} Ka8 {[%emt 0:00:08]} 40. Bc6# {[%emt 0:00:04]} 1-0

[Event "20th Dubai Open 2018"]
[Site "Dubai"]
[Date "2018.04.05"]
[Round "4"]
[White "Sidhant, Mohapatra"]
[Black "Akopian, Vladimir"]
[Result "1/2-1/2"]
[WhiteElo "2382"]
[BlackElo "2667"]
[Annotator "TA"]
[PlyCount "75"]
[EventDate "2018.??.??"]
[EventType "swiss"]
[EventCountry "UAE"]
[SourceTitle "playchess.com"]
[Source "ChessBase"]
[SourceQuality "1"]

{[%evp 19,75,14,12,-32,-9,-7,-7,-13,-8,-31,-27,-38,-21,-38,0,0,0,0,0,0,10,13,12,14,11,24,31,35,66,33,66,29,22,-14,0,-13,0,0,0,0,0,0,5,0,0,0,10,0,0,0,0,0,0,0,0,2,1,0]} 1. e4 c5 2. Nf3 e6 3. d4 cxd4 4. Nxd4 a6 5. Be2 Nf6 6. Nc3 Qc7 7. O-O Bb4 8. Qd3 O-O 9. Bd2 Nc6 10. Nxc6 bxc6 11. f4 {B43: Sicilian: Kan Variation: 5 Nc3} (11. a3 Bc5 12. Na4 Ba7 13. Bb4 c5 14. Bc3 c4 15. Qf3 e5 16. b3 Bb7 17. Bxc4 Nxe4 18. Qh3 d5 19. Bd3 f5 20. Bb4 Rf6 21. c4 a5 22. Bxe4 dxe4 23. Bd2 f4 24. c5 Rg6 25. g3 e3 {0-1 (25) Zacarias,R (2107)-Limp,E (2370) Rio de Janeiro 2015}) 11... d5 12. e5 $1 {[%cal Re5f6]} Nd7 $146 ({Predecessor:} 12... Bxc3 13. Bxc3 Ne4 14. Bf3 Nxc3 15. Qxc3 Qb6+ 16. Kh1 Rb8 17. Rab1 a5 18. a3 Ba6 {0-1 (40) Verbel,J (2061)-Cadavid,J (1878) Cartagena 2016}) 13. Na4 a5 {[#] Threatens to win with ...Ba6.} 14. c3 Be7 15. c4 dxc4 16. Qc2 Ba6 17. Be3 Bb5 18. Bxc4 Bxa4 19. Qxa4 Bc5 20. Bxc5 Nxc5 21. Qc2 Rad8 22. Rac1 Rd4 23. Be2 Ne4 24. Qxc6 Qb8 25. Qb5 Qd8 {[#] Strongly threatening ...Rd2.} 26. h3 {The position is equal.} Rd2 {White must now prevent ...Ng3.} 27. Kh2 Qd4 28. Rf3 g6 29. Rc4 Qd5 30. Ra4 Rc8 31. Qxd5 exd5 32. Bd3 Nf2 33. Ra3 ({Of course not} 33. Rxa5 Nxd3 34. Rxd5 Rcc2 $17) 33... Rxb2 (33... Rb8 {is interesting.} 34. Bf1 Rbxb2 35. Rxa5 Rd1 36. Kg1 Ne4) 34. f5 Nxd3 35. Raxd3 Rxa2 36. Rxd5 gxf5 37. Rxf5 Kh8 38. Rg5 {Precision: White = 51%, Black = 54%.} 1/2-1/2

[Event "20th Dubai Open 2018"]
[Site "Dubai"]
[Date "2018.04.05"]
[Round "4"]
[White "Padmini, Rout"]
[Black "Safarli, Eltaj"]
[Result "0-1"]
[WhiteElo "2360"]
[BlackElo "2653"]
[Annotator "TA"]
[PlyCount "72"]
[EventDate "2018.??.??"]
[EventType "swiss"]
[EventCountry "UAE"]
[SourceTitle "playchess.com"]
[Source "ChessBase"]
[SourceQuality "1"]

{[%evp 15,72,13,43,35,29,35,24,29,41,22,16,-24,-41,-28,18,16,8,7,12,4,32,36,53,41,55,65,43,31,47,51,57,14,16,-20,-15,-155,-139,-247,-207,-347,-343,-494,-489,-520,-502,-589,-589,-577,-552,-569,-482,-884,-883,-861,-856,-1906,-1592,-3338,-3048]} 1. e4 c5 2. Nf3 Nc6 3. Nc3 e6 4. d4 cxd4 5. Nxd4 Qc7 6. Be3 Nf6 7. Qf3 {B48: Sicilian: Taimanov: 5 Nc3 Qc7 6 Be3 a6 without Be2} a6 8. O-O-O (8. Be2 h5 9. Qg3 d6 10. h4 Ng4 11. Bxg4 hxg4 12. O-O-O Ne5 13. f4 gxf3 14. gxf3 Bd7 {½-½ (34) Mamedov,R (2709)-Harikrishna,P (2744) Huaian 2017}) 8... Be7 {LiveBook: 74 Games} 9. Nxc6 {White is slightly better.} bxc6 10. g4 d5 11. g5 Nd7 12. h4 $146 ({Predecessor:} 12. Qg2 Bb7 13. Bd3 Bd6 14. exd5 cxd5 {0-1 (45) Oglaza,O (1917)-Sorokina,T (2127) Teplice 2015}) 12... Rb8 13. exd5 cxd5 {Hoping for ...Qb7.} 14. Bf4 Bd6 15. Bxd6 $1 Qxd6 16. Qe3 $36 {[%mdl 2048] White has some pressure.} O-O 17. a3 Bb7 18. f4 Rfd8 19. Rh2 Qc5 20. Qxc5 Nxc5 21. Ne2 a5 22. Nd4 Rd6 23. h5 Ba6 24. Bh3 a4 25. Rg1 (25. g6 $1 $11 {remains equal.}) 25... Rdb6 $17 26. g6 (26. Rhh1 $17) 26... Rxb2 $19 27. gxf7+ (27. Rhg2 {was worth a try.}) 27... Kxf7 28. Kd2 (28. Rhg2 $142 Kf6 29. Bxe6 Nxe6 30. Nxe6 Kxe6 31. Rxg7) 28... Ra2 {Black is clearly winning.} 29. Re1 {[%cal Rh3e6]} Rb6 30. f5 {[%cal Rf5e6]} Ne4+ 31. Rxe4 dxe4 32. fxe6+ Ke8 33. Ke3 (33. Bg2 $142 Bb7 34. Nf5) 33... Rxa3+ 34. Kf4 e3 {[%cal Be4e3,Be3e2][%mdl 32]} 35. Nf5 e2 36. Rh1 {[#]} Rxh3 $1 {Precision: White = 45%, Black = 42%.} 0-1

[Event "20th Dubai Open 2018"]
[Site "Dubai"]
[Date "2018.04.05"]
[Round "4"]
[White "Kulkarni, Bhakti"]
[Black "Kovalev, Vladislav"]
[Result "0-1"]
[WhiteElo "2317"]
[BlackElo "2648"]
[Annotator "TA"]
[PlyCount "58"]
[EventDate "2018.??.??"]
[EventType "swiss"]
[EventCountry "UAE"]
[SourceTitle "playchess.com"]
[Source "ChessBase"]
[SourceQuality "1"]

{[%evp 16,58,4,3,21,30,27,-92,-85,-81,-78,-153,-151,-227,-226,-269,-220,-262,-248,-200,-143,-352,-338,-326,-165,-312,-326,-432,-416,-410,-340,-366,-364,-352,-347,-584,-533,-837,-891,-873,-869,-1730,-1991,-1793,-1568]} 1. d4 Nf6 2. c4 g6 3. Nc3 Bg7 4. e4 d6 5. Be2 O-O 6. Be3 Na6 {E73: King's Indian: Averbakh Variation without 6...c5} (6... e5 7. d5 a5 8. g4 Na6 9. h4 Nc5 10. f3 h5 11. g5 Nh7 12. Kd2 Bd7 13. Nh3 c6 14. Nf2 cxd5 15. exd5 f5 16. gxf6 Nxf6 17. Bxc5 dxc5 {0-1 (37) Vallejo Pons,F (2705)-Radjabov,T (2741) Palma de Mallorca 2017}) 7. g4 {[%cal Bg2g4,Bg4g5][%mdl 32]} c5 8. d5 e6 9. g5 {LiveBook: 7 Games} Nh5 10. Bxh5 {Threatens to win with Bf3.} gxh5 11. Qxh5 $146 (11. Nge2 $11) ({Predecessor:} 11. Qd2 Nc7 12. Nge2 exd5 13. exd5 Bf5 14. Ng3 {½-½ (52) Shishkin,V (2517)-Secheres,A (2280) Mamaia 2015}) 11... Nb4 $1 $17 {[%cal Rb4c2] aiming for ...Nc2+.} 12. Qd1 exd5 13. cxd5 {[#]} ({Better is} 13. Nxd5 Nxd5 14. cxd5) 13... c4 $1 {[%cal Bc5c4,Bc4c3][%mdl 32]} 14. Rb1 (14. Kd2 $17) 14... Nd3+ $19 15. Kd2 {[#]} b5 $1 {[%mdl 512]} 16. a3 (16. Nxb5 Qa5+) 16... a5 {Hoping for ...b4.} 17. Nxb5 Nxb2 18. Qc2 $2 {[#]} (18. Rxb2 $17 Bxb2 19. Qc2 c3+ 20. Nxc3 Bxa3 21. Nge2) 18... c3+ $1 {[%mdl 512]} 19. Ke1 {[#]} (19. Nxc3 Nc4+) 19... Nc4 (19... Ba6 $142 $1 {[%cal Ra6b5]} 20. a4 Bxb5 21. axb5 Nc4) 20. Bc1 (20. Qd3 $142 Nxe3 21. Qxe3) 20... f5 21. Ne2 fxe4 22. Nbxc3 Ne5 {...Nd3+ is the strong threat.} 23. Nxe4 {White wants to play Bb2.} Ba6 24. Rb3 Rc8 25. Qb1 $2 (25. Qd1 Nf3+ 26. Rxf3 Rxf3 27. Be3) 25... a4 {Black is clearly winning.} 26. Rg3 {Threatening Nf6+.} Qa5+ 27. Bd2 Qxd5 28. N2c3 {[#]} Rxc3 $1 {[%mdl 512]} 29. Bxc3 Nd3+ {Precision: White = 31%, Black = 75%.} 0-1

[Event "20th Dubai Open 2018"]
[Site "Dubai"]
[Date "2018.04.05"]
[Round "4"]
[White "Risting, Eivind Olav"]
[Black "Oleksiyenko, Mykhaylo"]
[Result "0-1"]
[WhiteElo "2303"]
[BlackElo "2621"]
[Annotator "TA"]
[PlyCount "68"]
[EventDate "2018.??.??"]
[EventType "swiss"]
[EventCountry "UAE"]
[SourceTitle "playchess.com"]
[Source "ChessBase"]
[SourceQuality "1"]

{[%evp 17,68,12,23,10,16,0,0,-2,0,-1,-7,-7,0,-3,0,-13,-15,-22,-29,-22,3,-31,-21,-34,-13,-36,-16,-110,-90,-89,-93,-267,-229,-471,-455,-467,-465,-463,-460,-455,-453,-441,-385,-775,-597,-594,-404,-719,-712,-663,-645,-854,-843]} 1. d4 Nf6 2. c4 e6 3. Nc3 Bb4 4. Qc2 O-O 5. Nf3 d6 6. Bd2 b6 {E32: Nimzo-Indian: Classical (4 Qc2): 4...0-0} (6... Nbd7 7. a3 Bxc3 8. Bxc3 Qe7 9. e3 b6 10. Bd3 e5 11. dxe5 dxe5 12. Nd2 Nc5 13. Be2 Bb7 14. O-O Nfe4 15. b4 Nxc3 16. Qxc3 Nd7 {½-½ (55) Lenic,L (2641)-Carlsen,M (2840) chess.com INT 2017}) 7. e4 c5 8. a3 Bxc3 9. Bxc3 cxd4 {LiveBook: 3 Games} 10. Nxd4 e5 11. Nf3 Nbd7 $146 ({Predecessor:} 11... Bb7 12. Nd2 Nbd7 13. g3 Ng4 14. Be2 {0-1 (73) Svane,R (2526)-Zhigalko,S (2647) Gjakova 2016}) 12. Nd2 Nc5 13. Be2 Bd7 14. O-O Bc6 {[%cal Rf6e4]} 15. f3 Nh5 16. Rf2 Qg5 17. b4 Ne6 18. Nf1 Nhf4 19. Kh1 f5 $36 {[%mdl 2048] White is under pressure.} 20. exf5 Rxf5 21. Rd1 Rf6 {[%cal Bf5f6,Bf6g6,Bg6g3][%mdl 32]} 22. Qd2 (22. c5 $11 {keeps the balance.}) 22... Raf8 $17 {[#] Strongly threatening ...Qh4.} 23. Ne3 Rg6 24. Nd5 $2 (24. g3 $17) 24... Qh4 25. g3 $2 (25. Qe1 {was worth a try.}) 25... Rxg3 $1 $19 26. Ne7+ Qxe7 27. hxg3 Nxe2 28. Qxe2 Ng5 29. Rd5 Qe6 30. f4 $2 {[#]} (30. Bd2 Bxd5 31. cxd5 Qh3+ 32. Rh2 Qxg3 33. Bxg5 Qxg5 34. Qc2) 30... Bxd5+ 31. cxd5 Qxd5+ 32. Kh2 (32. Rg2 $142 exf4 33. gxf4 Rxf4 34. Qe8+ Rf8 35. Qe2) 32... Ne4 {Black is clearly winning.} 33. Rf3 exf4 34. gxf4 Qh5+ {Precision: White = 39%, Black = 86%.} 0-1

[Event "20th Dubai Open 2018"]
[Site "Dubai"]
[Date "2018.04.05"]
[Round "4"]
[White "Kozelov, Roman"]
[Black "Maghsoodloo, Parham"]
[Result "0-1"]
[WhiteElo "2267"]
[BlackElo "2615"]
[Annotator "TA"]
[PlyCount "94"]
[EventDate "2018.??.??"]
[EventType "swiss"]
[EventCountry "UAE"]
[SourceTitle "playchess.com"]
[Source "ChessBase"]
[SourceQuality "1"]

{[%evp 9,94,58,69,27,33,34,33,34,32,21,33,0,14,14,14,14,11,14,27,24,20,13,20,30,19,18,16,22,51,37,48,0,0,0,0,-56,14,-50,-56,-61,-59,-130,-118,-318,-319,-561,-554,-1123,-1112,-1070,-1019,-1300,-460,-445,-446,-446,-441,-422,-415,-403,-370,-683,-519,-834,-834,-827,-827,-827,-818,-764,-760,-834,-833,-818,-794,-5306,-5306,-29977,-29978,-29978,-29976,-29976,-29975,-29982,-5324,-29983,-29984]} 1. e4 g6 2. d4 Bg7 3. f4 d6 4. Nf3 a6 (4... Nf6 5. Nc3 O-O 6. Bd3 Na6 7. O-O c5 8. d5 Nc7 9. a4 Bg4 10. h3 Bxf3 11. Qxf3 a6 12. Bd2 b6 13. Rab1 Rb8 14. Qe2 b5 15. axb5 axb5 16. Bxb5 Nxb5 17. Nxb5 Nxe4 18. Qxe4 Rxb5 {1-0 (37) Pavlovic,M (2495)-Guseinov,G (2643) Zuerich 2017}) 5. c3 Nd7 6. Bc4 {B06: Modern Defence} e6 7. O-O Ne7 8. f5 $146 {White is slightly better.} ({Predecessor:} 8. g4 b5 9. Bb3 Nf6 10. Ng5 h6 11. e5 Nfd5 12. Ne4 {1-0 (39) Domenech Plana,J (2280)-Dilme Bosch,E (2080) Barcelona 2001}) 8... gxf5 9. exf5 Nxf5 10. Ng5 Nf6 11. Rxf5 exf5 12. Nxf7 Qe7 13. Nxh8 Bxh8 14. Bg5 Bd7 15. Nd2 {[%cal Bb1d2,Bd2b3,Bb3a5,Ba5c4][%mdl 32] Threatens to win with Qf3.} O-O-O $1 16. Qf3 {aiming for Bxa6.} Kb8 17. Nb3 Re8 18. Na5 {[%csl Ga5][%cal Rf3b7]} c6 19. Bd3 Qe6 20. Bxf6 Bxf6 21. Nc4 Kc7 22. Rf1 ({Better is} 22. a4 $11) 22... Rf8 (22... b5 $15 23. Bxf5 Qxc4 24. Bxd7 Bxd4+ 25. cxd4 Kxd7) 23. b3 (23. a4 $11) 23... Bg5 $15 24. Qg3 Qh6 25. Qf3 {[#]} (25. a4 $1 $15) 25... Be6 $1 $17 {...b5 is the strong threat.} 26. Re1 $2 {[#]} (26. Qe2 $17) 26... Bd5 $1 $19 {[%cal Rd5f3]} 27. Qf2 $2 (27. Qh3 Qxh3 28. gxh3) 27... f4 28. Qc2 f3 29. gxf3 Rg8 30. Kf1 Qh3+ (30... Bxf3 $142 {( -> ...Qh3+)} 31. Rb1 Be3) 31. Qg2 Qxg2+ 32. Kxg2 Bd2+ 33. Kf1 Bxe1 34. Kxe1 {[%mdl 4096] Endgame KRB-KBN} Rg2 35. Bxh7 $2 (35. Ne3 Rxh2 36. Be2) 35... Rxh2 36. Be4 (36. Bd3 $142 Bxf3 37. a4) 36... Bxc4 37. bxc4 Rxa2 {KR-KB} 38. f4 Kd7 39. Bf5+ Ke7 40. Bc8 b6 {[%cal Bb7b6,Bb6c5][%mdl 32]} 41. Kd1 c5 42. dxc5 bxc5 43. f5 a5 44. Kc1 Kf6 45. Kb1 Rf2 46. Ka1 Ke5 (46... a4 $142 47. Be6 a3 48. Bc8 Ke5 49. Bb7 Kxf5 50. Bd5 Kf4 51. Bf7 Ke3 52. Bg6 Rb2 53. Bh7 Kd2 54. Bf5 Kxc3 55. Bd7 Kxc4 56. Bh3 Rh2 57. Bg4 Kb4 58. Bf3 c4 59. Be4 c3 60. Kb1 Rb2+ 61. Ka1 c2 62. Bxc2 Rxc2 63. Kb1 Kb3 64. Ka1 Rc1#) 47. Bb7 Kxf5 {Precision: White = 30%, Black = 76%.} 0-1

[Event "20th Dubai Open 2018"]
[Site "Dubai"]
[Date "2018.04.05"]
[Round "4"]
[White "Sharma, Dinesh K"]
[Black "Karthikeyan, P."]
[Result "1/2-1/2"]
[WhiteElo "2261"]
[BlackElo "2481"]
[Annotator "TA"]
[PlyCount "88"]
[EventDate "2018.??.??"]
[EventType "swiss"]
[EventCountry "UAE"]
[SourceTitle "playchess.com"]
[Source "ChessBase"]
[SourceQuality "1"]

{[%evp 17,88,-51,98,-50,0,-76,0,14,0,0,9,0,0,-5,0,-14,-8,-91,0,0,0,0,18,0,0,-188,-179,-186,-183,-165,-166,-160,-176,-190,-143,-164,-136,-209,-194,-230,-222,-223,-233,-216,-200,-385,-396,-392,-307,-293,-266,-332,-304,-282,-186,-175,-164,-146,-25,-22,-25,-27,-25,-29,-2,-63,-62,-63,-56,-87,-89,-104,-48]} 1. e4 e6 2. d4 d5 3. Nc3 Bb4 4. e5 c5 5. a3 Bxc3+ 6. bxc3 Ne7 7. Qg4 cxd4 8. Bd3 {C18: French: 3 Nc3 Bb4: Main line: 7 h4 and 7 Qg4} (8. Qxg7 Rg8 9. Qxh7 Qc7 10. Ne2 Nbc6 11. f4 dxc3 12. Nxc3 Nd4 13. Bb2 Bd7 14. O-O-O Qb6 15. Qd3 Ndf5 16. Rd2 Rc8 17. g3 Ne3 18. Ne4 Rxc2+ 19. Rxc2 dxe4 20. Qxe4 Nxc2 21. Qxc2 {½-½ (31) Giri,A (2752)-Carlsen,M (2834) Wijk aan Zee 2018}) 8... Qa5 9. Ne2 Nbc6 {LiveBook: 8 Games} (9... O-O $15) 10. f4 (10. Qxg7 $16 Rg8 11. Qf6 (11. Qxh7 Nxe5 12. Bd2 dxc3 $11)) 10... dxc3 $146 ({Find the theoretical novelty and annotate with similar games:} 10... Bd7 11. O-O dxc3 12. Rb1 O-O-O 13. Be3 d4 14. Nxd4 Nxd4 15. Bxd4 Bc6 16. Bf2 h5 17. Qh3 Nd5 18. Bh4 Rd7 19. f5 Qa4 20. Qg3 Qg4 21. Qxg4 hxg4 22. Bg3 Ne3 {½-½ (22) Van Drunick,J (1919)-Van de Peut,A (1863) Leiden 2015}) 11. O-O (11. Qxg7 $11 Rg8 12. Qxh7) 11... b6 (11... O-O $17 12. Qh3 h6 13. Nxc3 Nb4 14. axb4 Qxa1) 12. Qxg7 $11 Rg8 13. Qxh7 Ba6 $1 14. Bxa6 Qxa6 15. Nxc3 Nd4 $36 {[%mdl 2048] Black is pushing.} 16. Bd2 Rc8 {And now ...Rxc3! would win.} 17. Kh1 (17. f5 $1 $11 {keeps the balance.} Ndxf5 18. Nxd5 Rxg2+ 19. Kxg2) 17... Ndf5 ({Black should play} 17... Kd7 $1 $17) 18. Qh3 $1 Kd7 19. Qd3 $1 {[%cal Rd3a6]} Qc4 20. Rf2 Nd4 21. Rg1 $2 (21. Rb1 $11 {and White has nothing to worry.}) 21... Qxd3 $19 22. cxd3 {[#]} Rg3 $1 {[%mdl 512]} 23. Ne2 (23. hxg3 Rh8#) 23... Nxe2 24. Rxe2 Rxd3 25. Bb4 Rc4 26. g3 Nc6 27. Bd6 (27. Ra2 $17 {might work better.}) 27... Nd4 28. Rb2 Nf5 29. Bb4 a5 30. Be1 Rxa3 31. Rxb6 $2 (31. Bf2) 31... Rc2 {( -> ...Raa2)} 32. Rb7+ Ke8 33. Rb8+ {[#]} Ke7 $1 34. g4 Raa2 {[%csl Ga2][%cal Rc2h2]} 35. Rh8 Nd4 {...Nf3 is the strong threat.} 36. Rf1 Re2 37. Bc3 {[#]} Nc2 (37... Nb3 $1 $17 {Hoping for ...Kd7.} 38. Be1 a4 39. Bh4+ Kd7) 38. Rb1 $11 {[%cal Rb1b7]} Nb4 39. f5 exf5 40. gxf5 {next e6 is good for White.} Rac2 41. Be1 (41. Bd4 $11) 41... Rxe5 $15 42. Bh4+ Kd7 43. Ra8 Rxf5 {Threatens to win with ...Nc6.} 44. Rxa5 Rc4 {Precision: White = 44%, Black = 53%.} ({Black should try} 44... Nc6 $17 45. Rab5 Ke6) 1/2-1/2